000 00226nam a22000857a 4500
008 160713b xxu||||| |||| 00| 0 eng d
100 _92742
_a Venter, F
245 _aMan from Cyrene
260 _aPhiladelphia
_b Muhlenberg Press
_c1962
999 _c2382
_d2382